U.S. vs U.K. Statistics - Statistics

General Stats
  • This quiz has been taken 45 times
  • The average score is 10 of 15
Answer Stats
Question Answer % Correct
Which country has a higher life expectancy? United Kingdom
86%
Which country has a lower murder rate? United Kingdom
86%
Which country has a lower obesity rate? United Kingdom
86%
Which country has the higher GDP per capita? United States
86%
Which country has the higher median household income? United States
86%
Which country has a higher percentage of forest cover? United States
86%
Which country has a larger average home size? United States
86%
Which country has the higher average elevation? United States
86%
Which country has a higher Democracy Index? United Kingdom
71%
Which country has the higher average annual sunshine hours? United States
71%
Which country has a higher percentage of immigrants? United States
71%
Which country has a lower unemployment rate? United Kingdom
57%
Which country has the capital city with a warmer average temperature in January? United Kingdom (London)
29%
Which country has the largest city with a lower average annual precipitation? United Kingdom (London)
29%
Which country has a lower robbery rate? United States
14%
No matching quizzes found
Score Distribution
Percent of People with Each Score
Percentile by Number Answered
Your Score History
You have not taken this quiz